000
00219 a2200109 4500
020
_a
9780590460286
041
_a
spa
100
_a
Shiffman, Lena
245
_a
Mi primer Libre de Palabras
942
_c
BK
952
_7
4
999
_c
19743
_d
19743